Estadísticas para Capitales Mundiales por una sola Pista #3

Haz click aquí para intentar la prueba.

Estadísticas generales

  • Esta prueba ha sido intentada 2.266 veces
  • La puntuación promedio es 11 de 20

Estadísticas de respuestas

PaísPistaCiudad% Correcto
FranciaConocido como la "Ciudad de la Luz"París
87%
ArgentinaEsta a 206 kilómetros de MontevideoBuenos Aires
84%
CubaDonde vivió Fidel CastroLa Habana
81%
FinlandiaCapital del país nordico más orientalHelsinki
77%
BulgariaCapital de BulgariaSofía
77%
Corea del SurLa sede de Samsung esta aquíSeúl
75%
VaticanoCompletamente rodeado por otra capitalVaticano
73%
EstoniaA 80 kilómetros al sur de HelsinkiTallin
67%
TúnezCapital más septentrional en ÁfricaTúnez
56%
BélgicaUno de los puntos de referencia más famosos es una estatua
de 2 pies de un niño orinando
Bruselas
53%
IndiaLa "nueva" parte de un metrópolis con más de 20 millones ciudadanosNueva Delhi
47%
CroaciaSu nombre comienza con ZZagreb
42%
BrasilFundado en 1960, muchos de sus edificios fueron diseñados por Oscar NiemeyerBrasilia
38%
SudánLocalizado en la confluencia del Nilo Blanco y el Nilo AzulJartum
38%
IrakFue saqueado por los mongoles en 1258, terminando la Edad de Oro del islamBagdad
35%
CatarLa sede de Al Jazeera está aquíDoha
35%
ChipreCiudad dividida en el medio de una isla divididaNicosia
32%
IránLa embaja de EE. UU. en esta ciudad fue invadida en 1979Teherán
32%
PakistánNombrado ante una religiónIslamabad
28%
R.D. CongoLugar del "Rumble in the Jungle" (Pelea en la selva)
entre Muhammad Ali y George Foreman
Kinsasa
19%

Distribución de puntuación

Porcentaje por número respondido

Porcentaje de gente con cada puntuación

Historial de tus puntuaciones

No has intentado esta prueba.